Fisiopatología de la reproducción e inseminación artificial de los animales domésticos

Kaydedildi:
Detaylı Bibliyografya
Yazar: Derivaux, J (Yazar)
Materyal Türü: Kitap
Dil:İspanyolca
Baskı/Yayın Bilgisi: Zaragoza Acribia 1961
Konular:
Etiketler: Etiketle
Etiket eklenmemiş, İlk siz ekleyin!

MARC

LEADER 00000nam a2200000 a 4500
001 UCQ6408
003 CL-VaPUC
008 981016e19610000SP |||||||||||||||||spa|d
082 0 4 |a 636  |b DER  |2 21 
100 0 |a Derivaux, J  |e author  |9 420290 
245 1 0 |a Fisiopatología de la reproducción e inseminación artificial de los animales domésticos 
300 |a 416 p 
942 |c BK 
945 |d 19981016 00:00:00  |a mvenant 
260 |a Zaragoza  |b Acribia  |c 1961 
650 0 |a Animales domésticos   |9 344850 
650 7 |a FISIOLOGIA ANIMAL  |2 CL-VaPUC  |9 269586 
650 0 |a Reproducción animal  |9 370556 
650 7 |a GENETICA ANIMAL  |2 CL-VaPUC  |9 261227 
650 0 |a Inseminación artificial  |9 338967 
583 |a last modification  |c 19981016 00:00:00  |k Rodrigo Vera 
999 |c 276367  |d 276365